000 01557cam a2200409 a 4500
001 154661573
005 20251204153649.0
008 090916s2007 nyua j 000 1 eng d
010 _a2009279070
020 _a9780689853654
020 _a0689853653
035 _a(OCoLC)154661573
_z(OCoLC)230812159
040 _aBTCTA
_beng
_cBTCTA
_dDLC
_dBAKER
_dOCP
_dXY4
_dYDXCP
_dBDX
_dOCLCO
_dOCLCF
_dOCLCO
_erda
042 _alccopycat
050 0 0 _aPZ8.3.S1185
_bWI 2007
092 _achildren reference
_bSabuda
100 1 _aSabuda, Robert.
_932704
245 1 0 _aWinter in white :
_ba mini pop-up treat /
_cRobert Sabuda.
250 _a1st ed.
260 _aNew York, N.Y. :
_bLittle Simon,
_c©2007.
264 _aNew York, N.Y. :
_bLittle Simon,
_c2007.
300 _a1 volume (unpaged) :
_bcolor illustrations ;
_c17 cm.
336 _atext
337 _aunmediated
338 _avolume
500 _aCover title.
500 _aDecorated white pop-up figures illustrate a simple poem about winter.
520 _aA brief rhyming tale about winter is illustrated with elaborate pop-up figures.
650 0 _aPop-up books
_vSpecimens.
_95695393
650 0 _aToy and movable books
_vSpecimens.
_95675104
655 7 _aSpecimens.
_2fast
_95675870
655 7 _aJuvenile works.
_2fast
_95673941
700 1 _aVolc, Judy,
_edonor.
_96556881
730 0 _aHistorical Children's and Young Adult Collection.
_96556882
942 _2ddc
_cBOOK
999 _c413982
_d413982